[Event "DVM U20w 2016"]
[Site "Borken-Gemen GER"]
[Date "2016.12.28"]
[Round "4"]
[White "Zimmermann, Jasmin"]
[Black "Reiter, Nicole"]
[Result "1-0"]
[Termination "normal"]
[Board "2.4"]
[WhiteElo "1726"]
[BlackElo "1296"]
[WhiteClock "00:08:12"]
[BlackClock "00:07:22"]
[WhiteTeam "TuRa Harksheide Norderstedt"]
[BlackTeam "Hamburger SK"]
[PlyCount "71"]
[WhiteFideId "12900400"]
[BlackFideId "16212126"]
[EventCountry "GER"]
[EventRounds "7"]
[EventType "team-swiss"]
[EventDate "2016.12.26"]

1. e4 {[%clk 1:30:56]} d5 {[%clk 1:30:55]} 2. exd5 {[%clk 1:31:20]} Qxd5 {[%clk
1:31:19]} 3. Nc3 {[%clk 1:31:42]} Qd6 {[%clk 1:31:42]} 4. g3 {[%clk 1:32:03]}
Nf6 {[%clk 1:31:13]} 5. Bg2 {[%clk 1:32:18]} g6 {[%clk 1:31:08]} 6. Nge2 {[%clk
1:32:14]} Bg7 {[%clk 1:30:47]} 7. d3 {[%clk 1:29:58]} O-O {[%clk 1:30:16]} 8.
Bg5 {[%clk 1:27:05]} a6 {[%clk 1:28:14]} 9. Qd2 {[%clk 1:24:58]} Nc6 {[%clk
1:26:22]} 10. O-O {[%clk 1:23:12]} b5 {[%clk 1:22:39]} 11. Bxf6 {[%clk
1:08:47]} Qxf6 {[%clk 1:17:32]} 12. Ne4 {[%clk 1:05:42]} Qe6 {[%clk 1:10:20]}
13. Nf4 {[%clk 1:05:06]} Qd7 {[%clk 1:09:32]} 14. Rab1 {[%clk 0:54:15]} e5
{[%clk 1:01:46]} 15. Nd5 {[%clk 0:53:21]} Kh8 {[%clk 0:59:33]} 16. Nc5 {[%clk
0:38:20]} Qd6 {[%clk 0:56:09]} 17. b4 {[%clk 0:33:01]} Rb8 {[%clk 0:52:35]} 18.
c3 {[%clk 0:31:05]} Bb7 {[%clk 0:42:35]} 19. Rbe1 {[%clk 0:24:48]} Ne7 {[%clk
0:40:23]} 20. Nxb7 {[%clk 0:24:17]} Rxb7 {[%clk 0:37:48]} 21. Nxe7 {[%clk
0:24:34]} Rbb8 {[%clk 0:37:34]} 22. Nd5 {[%clk 0:23:39]} Rfe8 {[%clk 0:36:26]}
23. Re2 {[%clk 0:20:43]} Rbd8 {[%clk 0:32:00]} 24. Rd1 {[%clk 0:18:35]} c6
{[%clk 0:26:00]} 25. Ne3 {[%clk 0:18:24]} e4 {[%clk 0:25:54]} 26. Bxe4 {[%clk
0:16:37]} f5 {[%clk 0:19:42]} 27. Bg2 {[%clk 0:15:04]} f4 {[%clk 0:16:42]} 28.
gxf4 {[%clk 0:12:33]} Qxf4 {[%clk 0:17:04]} 29. d4 {[%clk 0:11:57]} Re6 {[%clk
0:13:23]} 30. Nf1 {[%clk 0:10:57]} Qf6 {[%clk 0:12:07]} 31. Rxe6 {[%clk
0:11:12]} Qxe6 {[%clk 0:12:31]} 32. Re1 {[%clk 0:11:24]} Qf6 {[%clk 0:09:17]}
33. Re4 {[%clk 0:09:59]} Rf8 {[%clk 0:08:09]} 34. Qe2 {[%clk 0:08:57]} Qf7
{[%clk 0:07:52]} 35. Re7 {[%clk 0:08:25]} Qg8 {[%clk 0:07:22]} 36. Bxc6 {[%clk
0:08:12]} 1-0

[Event "DVM U20w 2016"]
[Site "Borken-Gemen GER"]
[Date "2016.12.28"]
[Round "4"]
[White "Peglau, Mirjam"]
[Black "Gamisch, Laura"]
[Result "1/2-1/2"]
[Termination "normal"]
[Board "3.1"]
[WhiteElo "1600"]
[BlackElo "1800"]
[WhiteTeam "SV Bannewitz"]
[BlackTeam "TSV Forstenried"]
[PlyCount "54"]
[WhiteFideId "16211138"]
[BlackFideId "24615161"]
[EventCountry "GER"]
[EventRounds "7"]
[EventType "team-swiss"]
[EventDate "2016.12.26"]

1.e4 c5 2.Nf3 e6 3.d4 cxd4 4.Nxd4 Nc6 5.c4 Qc7 6.Nc3 Bb4 7.Qd3 Nf6 8.Bd2 O-O
9.Nxc6 dxc6 10.Be2 Rd8 11.Qc2 b6 12.a3 Bd6 13.h3 Bb7 14.O-O Bf4 15. Rad1 c5
16.Bd3 Rd7 17.Rfe1 Bxd2 18.Rxd2 Qe5 19.f4 Qxf4 20.e5 Qd4+ 21.Kh1 Qh4 22.Ree2
Ng4 23.Bxh7+ Kh8 24.Be4 Rxd2 25.Qxd2 Bxe4 26.Nxe4 Rd8 27.Nd6 Nh6 1/2-1/2

[Event "DVM U20w 2016"]
[Site "Borken-Gemen GER"]
[Date "2016.12.28"]
[Round "4"]
[White "Bosse, Lea"]
[Black "Peglau, Sarah"]
[Result "1-0"]
[Termination "normal"]
[Board "3.2"]
[WhiteElo "1653"]
[BlackElo "1332"]
[WhiteTeam "TSV Forstenried"]
[BlackTeam "SV Bannewitz"]
[PlyCount "43"]
[WhiteFideId "12900419"]
[BlackFideId "16219961"]
[EventCountry "GER"]
[EventRounds "7"]
[EventType "team-swiss"]
[EventDate "2016.12.26"]

1.e4 c5 2.Nc3 d6 3.f4 Nc6 4.Bb5 Bd7 5.Nf3 e6 6.O-O Nge7 7.d3 g6 8.h3 Bg7 9.Qe1
a6 10.Bxc6 Bxc6 11.Nh4 b5 12.f5 Nc8 13.fxe6 fxe6 14.Nf3 O-O 15.Bg5 Qb6 16.Qc1
Rf7 17.Bh6 Bh8 18.Ng5 Rf6 19.Rxf6 Bxf6 20.Qf4 Qa7 21.Qxf6 Nb6 22.Rf1 1-0

[Event "DVM U20w 2016"]
[Site "Borken-Gemen GER"]
[Date "2016.12.28"]
[Round "4"]
[White "Peglau, Charis"]
[Black "Alferova, Ekaterina"]
[Result "0-1"]
[Termination "normal"]
[Board "3.3"]
[WhiteElo "1214"]
[BlackElo "1415"]
[WhiteTeam "SV Bannewitz"]
[BlackTeam "TSV Forstenried"]
[PlyCount "114"]
[WhiteFideId "16219996"]
[BlackFideId "16217250"]
[EventCountry "GER"]
[EventRounds "7"]
[EventType "team-swiss"]
[EventDate "2016.12.26"]

1.e4 e5 2.Nf3 Nc6 3.Bc4 Be7 4.Nc3 Nf6 5.d4 exd4 6.Nxd4 O-O 7.O-O d6 8.Be3 Bd7
9.Qd2 Ng4 10.Bf4 Nxd4 11.Qxd4 Bf6 12.Qd2 Bc6 13.Rfe1 Ne5 14.Bb3 Qd7 15.Rad1 Qg4
16.h3 Qg6 17.Nd5 Nf3+ 18.Kh1 Nxd2 19.Bxd2 Bxd5 20.exd5 Rfe8 21.c4 Qf5 22.Kg1
Qd7 23.Bc2 Rxe1+ 24.Rxe1 Re8 25.Be4 Bxb2 26.Kh2 g6 27.g4 f5 28.gxf5 gxf5
29.Bxf5 Be5+ 30.f4 Qxf5 31.Rg1+ Bg7 32.Bb4 Re2+ 33.Rg2 Qxf4+ 34.Kh1 Rxg2
35.Kxg2 Qxc4 36.Be1 Qxd5+ 37.Kf1 Qxa2 38.Bf2 Qd2 39.Be1 Qxe1+ 40.Kxe1 d5 41.Kd2
c5 42.Kd3 b5 43.Kc2 a5 44.Kb3 c4+ 45.Kc2 b4 46.Kd2 b3 47.Kc1 a4 48.Kb1 a3 49.h4
b2 50.h5 c3 51.h6 c2+ 52.Kxc2 a2 53.hxg7 b1=Q+ 54.Kc3 a1=Q+ 55.Kd2 Qb3 56.Ke2
Qaa2+ 57.Ke1 Qbb1# 0-1

[Event "DVM U20w 2016"]
[Site "Borken-Gemen GER"]
[Date "2016.12.28"]
[Round "4"]
[White "Krastina, Alma"]
[Black "Peglau, Dora"]
[Result "1-0"]
[Termination "normal"]
[Board "3.4"]
[WhiteElo "1533"]
[BlackElo "1171"]
[WhiteTeam "TSV Forstenried"]
[BlackTeam "SV Bannewitz"]
[PlyCount "49"]
[WhiteFideId "16222105"]
[BlackFideId "16220005"]
[EventCountry "GER"]
[EventRounds "7"]
[EventType "team-swiss"]
[EventDate "2016.12.26"]

1.e4 c5 2.Nc3 Nc6 3.f4 d6 4.Bb5 Bd7 5.Nf3 Nf6 6.d3 a6 7.Bxc6 bxc6 8.O-O g6 9.h3
Bg7 10.Qe1 O-O 11.Ne2 Rb8 12.c3 Re8 13.g4 Qc8 14.Ng3 h6 15.f5 gxf5 16.gxf5 e6
17.Nh4 exf5 18.Ngxf5 d5 19.Nxg7 Kxg7 20.Qg3+ Ng4 21.hxg4 dxe4 22.Nf5+ Kh7
23.Qh4 Re6 24.Nxh6 exd3 25.Rxf7+ 1-0

[Event "DVM U20w 2016"]
[Site "Borken-Gemen GER"]
[Date "2016.12.28"]
[Round "4"]
[White "Wolff, Marie Antoinette"]
[Black "Poetsch, Leonore"]
[Result "1/2-1/2"]
[Termination "normal"]
[Board "4.1"]
[WhiteElo "1771"]
[BlackElo "1946"]
[WhiteTeam "Leegebrucher SF"]
[BlackTeam "SK Langen"]
[PlyCount "73"]
[WhiteFideId "12908258"]
[BlackFideId "12940372"]
[EventCountry "GER"]
[EventRounds "7"]
[EventType "team-swiss"]
[EventDate "2016.12.26"]

1.c4 b6 2.Nc3 Bb7 3.Nf3 e6 4.g3 Bxf3 5.exf3 c5 6.Bg2 Nc6 7.O-O Nf6 8.f4 Rc8
9.b3 Be7 10.Bb2 O-O 11.Ne2 d5 12.cxd5 exd5 13.d4 c4 14.Nc3 Nb4 15.Ba3 a5 16.Re1
Re8 17.Re5 Nc6 18.Bxe7 Rxe7 19.Nxd5 Rd7 20.Nxf6+ Qxf6 21.Bxc6 Qxc6 22.d5 Qb5
23.bxc4 Qxc4 24.Qe1 Rdd8 25.d6 f6 26.Re7 Kf8 27.d7 Rb8 28. Rb1 Qc5 29.Re6 Rxd7
30.Qe4 Kf7 31.Rc6 Qd5 32.Qc2 Qd3 33.Qb2 b5 34.Ra6 a4 35.Rxa4 bxa4 36.Qxb8 Qf5
37.Qb4 1/2-1/2

[Event "DVM U20w 2016"]
[Site "Borken-Gemen GER"]
[Date "2016.12.28"]
[Round "4"]
[White "Flach, Helene"]
[Black "Sauer, Annika"]
[Result "1-0"]
[Termination "normal"]
[Board "4.2"]
[WhiteElo "1815"]
[BlackElo "1572"]
[WhiteTeam "SK Langen"]
[BlackTeam "Leegebrucher SF"]
[PlyCount "77"]
[WhiteFideId "12929735"]
[BlackFideId "12952052"]
[EventCountry "GER"]
[EventRounds "7"]
[EventType "team-swiss"]
[EventDate "2016.12.26"]

1.c4 c5 2.Nc3 Nc6 3.g3 Nf6 4.Bg2 e6 5.Nf3 Be7 6.O-O O-O 7.d4 cxd4 8.Nxd4 a6
9.b3 Qc7 10.e4 Rd8 11.Be3 d6 12.Rc1 Rb8 13.Nd5 Qd7 14.Nxe7+ Nxe7 15.Qe2 Ng6
16.Rfd1 Qe8 17.Bd2 Rd7 18.f4 h6 19.Bb4 Qd8 20.Bc3 Ne7 21.Kh1 Nc6 22. Nxc6 bxc6
23.e5 dxe5 24.fxe5 Ne8 25.Bxc6 Bb7 26.Bxb7 Rbxb7 27.Qf3 Rb8 28. Rxd7 Qxd7
29.Rd1 Qe7 30.Qd3 g6 31.Qd2 Kh7 32.b4 Qb7+ 33.Qg2 Qc7 34.Qe4 Kg7 35.Rd4 Kf8
36.Qe3 Kg7 37.Bd2 g5 38.h4 Qe7 39.Rg4 1-0

[Event "DVM U20w 2016"]
[Site "Borken-Gemen GER"]
[Date "2016.12.28"]
[Round "4"]
[White "Pietsch, Virginia-Atlanta"]
[Black "Silber, Stefanie"]
[Result "0-1"]
[Termination "normal"]
[Board "4.3"]
[WhiteElo "904"]
[BlackElo "1708"]
[WhiteTeam "Leegebrucher SF"]
[BlackTeam "SK Langen"]
[PlyCount "48"]
[WhiteFideId "16235053"]
[BlackFideId "12918245"]
[EventCountry "GER"]
[EventRounds "7"]
[EventType "team-swiss"]
[EventDate "2016.12.26"]

1.c4 c6 2.Nc3 d5 3.e3 Nf6 4.Nf3 Qc7 5.d4 Bg4 6.g3 e6 7.b3 Bb4 8.Bd2 Qa5 9. Nb1
Ne4 10.Bg2 Nxd2 11.Nbxd2 Bc3 12.Rc1 Bb2 13.Rb1 Qc3 14.O-O Bf5 15.Re1 Bxb1
16.Nxb1 Qa5 17.Qc2 Ba3 18.Nxa3 Qxa3 19.cxd5 exd5 20.e4 O-O 21.exd5 Nd7 22.Ng5
Nf6 23.Re4 Nxe4 24.Qxe4 Qc1+ 0-1

[Event "DVM U20w 2016"]
[Site "Borken-Gemen GER"]
[Date "2016.12.28"]
[Round "4"]
[White "Hietala, Netta"]
[Black "Mylke, Sandy-Michelle"]
[Result "0-1"]
[Termination "normal"]
[Board "4.4"]
[WhiteElo "1008"]
[BlackElo "1061"]
[WhiteTeam "SK Langen"]
[BlackTeam "Leegebrucher SF"]
[PlyCount "68"]
[WhiteFideId "12964743"]
[BlackFideId "16235045"]
[EventCountry "GER"]
[EventRounds "7"]
[EventType "team-swiss"]
[EventDate "2016.12.26"]

1.e4 e5 2.Nf3 Nc6 3.Nc3 Bc5 4.Bb5 Nf6 5.Bxc6 bxc6 6.Nxe5 O-O 7.Nf3 d5 8.d4 Bb6
9.e5 Re8 10.O-O Ne4 11.Be3 Ba6 12.Re1 Ba5 13.Bd2 Rb8 14.Nxe4 dxe4 15. Rxe4 Bxd2
16.Qxd2 Rxb2 17.Qc3 Qb8 18.Qxc6 Bb7 19.Qc4 Bxe4 20.Ng5 Bg6 21.h3 Rxc2 22.Qa4
Rd8 23.e6 f6 24.Nf7 Rc8 25.Re1 Rd2 26.Qd7 Rxa2 27.e7 Bxf7 28. e8=Q+ Bxe8
29.Qe6+ Bf7 30.Qd7 Rd8 31.Qe7 Rxd4 32.Rc1 c6 33.Rxc6 Rd1+ 34. Qe1 Rxe1# 0-1

[Event "DVM U20w 2016"]
[Site "Borken-Gemen GER"]
[Date "2016.12.29"]
[Round "5"]
[White "Wächter, Nathalie"]
[Black "Gamisch, Laura"]
[Result "1/2-1/2"]
[Termination "normal"]
[Board "1.1"]
[WhiteElo "2022"]
[BlackElo "1800"]
[WhiteClock "00:28:08"]
[BlackClock "00:35:30"]
[WhiteTeam "TuRa Harksheide Norderstedt"]
[BlackTeam "TSV Forstenried"]
[PlyCount "86"]
[WhiteFideId "12921033"]
[BlackFideId "24615161"]
[EventCountry "GER"]
[EventRounds "7"]
[EventType "team-swiss"]
[EventDate "2016.12.26"]

1. d4 {[%clk 1:30:56]} d5 {[%clk 1:30:56]} 2. Nf3 {[%clk 1:31:22]} Nf6 {[%clk
1:31:06]} 3. Bf4 {[%clk 1:31:41]} e6 {[%clk 1:30:29]} 4. e3 {[%clk 1:31:43]}
Bd6 {[%clk 1:30:21]} 5. Bxd6 {[%clk 1:31:48]} cxd6 {[%clk 1:30:30]} 6. c4
{[%clk 1:30:12]} O-O {[%clk 1:30:02]} 7. Nc3 {[%clk 1:30:25]} dxc4 {[%clk
1:29:09]} 8. Bxc4 {[%clk 1:30:46]} a6 {[%clk 1:27:54]} 9. O-O {[%clk 1:27:54]}
b5 {[%clk 1:27:52]} 10. Bd3 {[%clk 1:28:05]} Bb7 {[%clk 1:27:59]} 11. a3 {[%clk
1:27:50]} Nbd7 {[%clk 1:26:42]} 12. e4 {[%clk 1:23:44]} Qb6 {[%clk 1:24:45]}
13. Re1 {[%clk 1:21:29]} Rfd8 {[%clk 1:23:17]} 14. e5 {[%clk 1:19:00]} dxe5
{[%clk 1:22:11]} 15. dxe5 {[%clk 1:18:33]} Ng4 {[%clk 1:20:14]} 16. Bxh7+
{[%clk 1:05:18]} Kh8 {[%clk 1:16:53]} 17. Qe2 {[%clk 1:04:02]} Bxf3 {[%clk
1:11:49]} 18. gxf3 {[%clk 1:03:45]} Ngxe5 {[%clk 1:09:35]} 19. Be4 {[%clk
1:03:11]} Nc6 {[%clk 1:08:33]} 20. f4 {[%clk 1:01:29]} Nf6 {[%clk 1:08:10]} 21.
Qf3 {[%clk 0:54:08]} Nxe4 {[%clk 1:02:43]} 22. Nxe4 {[%clk 0:51:07]} Ne7 {[%clk
1:02:21]} 23. Qh5+ {[%clk 0:50:53]} Kg8 {[%clk 1:02:44]} 24. Ng5 {[%clk
0:50:29]} Ng6 {[%clk 1:02:27]} 25. Qh7+ {[%clk 0:39:12]} Kf8 {[%clk 1:02:46]}
26. Nxe6+ {[%clk 0:39:22]} fxe6 {[%clk 1:02:53]} 27. Qxg6 {[%clk 0:39:43]} Rd2
{[%clk 1:02:22]} 28. Re3 {[%clk 0:38:46]} Rc8 {[%clk 0:58:41]} 29. f5 {[%clk
0:37:06]} Kg8 {[%clk 0:43:17]} 30. f6 {[%clk 0:27:43]} Qa7 {[%clk 0:42:07]} 31.
Rf1 {[%clk 0:24:37]} Qf7 {[%clk 0:35:22]} 32. Qg4 {[%clk 0:24:58]} Qxf6 {[%clk
0:30:17]} 33. Rxe6 {[%clk 0:24:17]} Rc4 {[%clk 0:28:28]} 34. Re4 {[%clk
0:20:49]} Rxe4 {[%clk 0:24:48]} 35. Qxe4 {[%clk 0:21:13]} Rxb2 {[%clk 0:21:55]}
36. Qe8+ {[%clk 0:14:26]} Kh7 {[%clk 0:16:38]} 37. Qh5+ {[%clk 0:11:45]} Qh6
{[%clk 0:15:17]} 38. Qf3 {[%clk 0:11:04]} Ra2 {[%clk 0:12:54]} 39. Re1 {[%clk
0:07:51]} Qg6+ {[%clk 0:11:07]} 40. Kh1 {[%clk 0:07:03]} Qf6 {[%clk 0:06:26]}
41. Qh5+ {[%clk 0:00:51]} Qh6 {[%clk 0:06:11]} 42. Qf5+ {[%clk 0:28:46]} Qg6
{[%clk 0:35:36]} 43. Qh3+ {[%clk 0:28:08]} Qh6 {[%clk 0:35:30]} 1/2-1/2

[Event "DVM U20w 2016"]
[Site "Borken-Gemen GER"]
[Date "2016.12.29"]
[Round "5"]
[White "Bosse, Lea"]
[Black "Rosmait, Emily"]
[Result "1/2-1/2"]
[Termination "normal"]
[Board "1.2"]
[WhiteElo "1653"]
[BlackElo "1880"]
[WhiteClock "00:20:08"]
[BlackClock "00:34:23"]
[WhiteTeam "TSV Forstenried"]
[BlackTeam "TuRa Harksheide Norderstedt"]
[PlyCount "41"]
[WhiteFideId "12900419"]
[BlackFideId "12937754"]
[EventCountry "GER"]
[EventRounds "7"]
[EventType "team-swiss"]
[EventDate "2016.12.26"]

1. e4 {[%clk 1:30:50]} e5 {[%clk 1:30:53]} 2. Nf3 {[%clk 1:30:54]} Nc6 {[%clk
1:31:18]} 3. d4 {[%clk 1:30:59]} exd4 {[%clk 1:31:42]} 4. Bc4 {[%clk 1:30:31]}
Nf6 {[%clk 1:31:32]} 5. e5 {[%clk 1:29:55]} d5 {[%clk 1:31:35]} 6. Bb5 {[%clk
1:27:01]} Ne4 {[%clk 1:31:32]} 7. Nxd4 {[%clk 1:26:29]} Bd7 {[%clk 1:31:33]} 8.
Bxc6 {[%clk 1:25:04]} bxc6 {[%clk 1:31:53]} 9. Nf3 {[%clk 1:16:05]} Bc5 {[%clk
1:28:17]} 10. O-O {[%clk 1:15:47]} O-O {[%clk 1:27:22]} 11. h3 {[%clk 1:06:49]}
Bb6 {[%clk 1:23:41]} 12. c4 {[%clk 1:02:00]} Bc8 {[%clk 1:10:28]} 13. Qa4
{[%clk 0:59:36]} Bb7 {[%clk 1:08:10]} 14. Nc3 {[%clk 0:47:10]} Nc5 {[%clk
1:02:42]} 15. Qd1 {[%clk 0:44:36]} Ne6 {[%clk 1:02:39]} 16. Na4 {[%clk
0:37:30]} dxc4 {[%clk 0:53:26]} 17. Qc2 {[%clk 0:31:29]} Nd4 {[%clk 0:51:08]}
18. Qxc4 {[%clk 0:26:19]} Nxf3+ {[%clk 0:42:29]} 19. gxf3 {[%clk 0:26:39]} Qd4
{[%clk 0:34:38]} 20. Nxb6 {[%clk 0:21:39]} Qxb6 {[%clk 0:34:23]} 21. Be3 {[%clk
0:20:08]} 1/2-1/2

[Event "DVM U20w 2016"]
[Site "Borken-Gemen GER"]
[Date "2016.12.29"]
[Round "5"]
[White "Krastina, Alma"]
[Black "Zimmermann, Jasmin"]
[Result "1-0"]
[Termination "normal"]
[Board "1.4"]
[WhiteElo "1533"]
[BlackElo "1726"]
[WhiteClock "00:01:19"]
[BlackClock "00:01:33"]
[WhiteTeam "TSV Forstenried"]
[BlackTeam "TuRa Harksheide Norderstedt"]
[PlyCount "79"]
[WhiteFideId "16222105"]
[BlackFideId "12900400"]
[EventCountry "GER"]
[EventRounds "7"]
[EventType "team-swiss"]
[EventDate "2016.12.26"]

1. f4 {[%clk 1:30:58]} d5 {[%clk 1:30:27]} 2. Nf3 {[%clk 1:31:08]} Nf6 {[%clk
1:30:08]} 3. e3 c5 4. b3 {[%clk 1:25:14]} Nc6 {[%clk 1:27:21]} 5. Bb2 {[%clk
1:24:32]} e6 {[%clk 1:23:43]} 6. Bd3 {[%clk 1:22:50]} Be7 {[%clk 1:22:34]} 7.
O-O {[%clk 1:22:35]} O-O {[%clk 1:21:47]} 8. Nc3 {[%clk 1:19:34]} b6 {[%clk
1:17:22]} 9. a3 {[%clk 1:16:47]} Bb7 {[%clk 1:14:54]} 10. Qe1 {[%clk 1:03:30]}
a6 {[%clk 1:08:25]} 11. Qh4 {[%clk 0:55:38]} h6 {[%clk 0:54:55]} 12. g4 {[%clk
0:48:07]} Ne4 {[%clk 0:49:52]} 13. Qh3 {[%clk 0:46:49]} f5 {[%clk 0:42:31]} 14.
gxf5 {[%clk 0:35:17]} exf5 {[%clk 0:42:06]} 15. Qg2 {[%clk 0:25:30]} Bf6 {[%clk
0:39:49]} 16. Rab1 {[%clk 0:19:21]} Qd6 {[%clk 0:28:54]} 17. Nxd5 {[%clk
0:15:19]} Bxb2 {[%clk 0:27:33]} 18. Rxb2 {[%clk 0:15:44]} b5 {[%clk 0:25:32]}
19. c4 {[%clk 0:12:40]} b4 {[%clk 0:24:00]} 20. axb4 {[%clk 0:11:09]} Nxb4
{[%clk 0:21:58]} 21. Nxb4 {[%clk 0:10:10]} cxb4 {[%clk 0:22:14]} 22. Bxe4
{[%clk 0:10:13]} Bxe4 {[%clk 0:22:20]} 23. Qf2 {[%clk 0:09:45]} Rf6 {[%clk
0:20:41]} 24. Ne5 {[%clk 0:08:49]} Qxe5 {[%clk 0:19:33]} 25. fxe5 {[%clk
0:09:01]} Rg6+ {[%clk 0:19:19]} 26. Qg3 {[%clk 0:09:26]} Rxg3+ {[%clk 0:19:29]}
27. hxg3 {[%clk 0:09:51]} Bd3 {[%clk 0:18:48]} 28. Rf4 {[%clk 0:09:55]} Re8
{[%clk 0:15:38]} 29. Rd4 {[%clk 0:09:04]} Be4 {[%clk 0:15:22]} 30. d3 {[%clk
0:09:12]} Bf3 {[%clk 0:11:54]} 31. Rf4 {[%clk 0:09:27]} Bg4 {[%clk 0:11:32]}
32. d4 {[%clk 0:09:17]} Re6 {[%clk 0:07:23]} 33. Rf1 {[%clk 0:06:28]} Rg6
{[%clk 0:04:08]} 34. Kg2 {[%clk 0:05:34]} h5 {[%clk 0:04:25]} 35. Rh1 {[%clk
0:04:12]} Kf7 {[%clk 0:04:12]} 36. d5 {[%clk 0:04:22]} Rb6 {[%clk 0:02:49]} 37.
c5 {[%clk 0:03:22]} Rb5 {[%clk 0:03:07]} 38. Rc2 {[%clk 0:03:43]} Ke7 {[%clk
0:01:32]} 39. d6+ {[%clk 0:01:47]} Ke6 {[%clk 0:01:33]} 40. c6 {[%clk 0:01:19]}
1-0

[Event "DVM U20w 2016"]
[Site "Borken-Gemen GER"]
[Date "2016.12.29"]
[Round "5"]
[White "Simon, Tessa"]
[Black "Voß, Henrike"]
[Result "1-0"]
[Termination "normal"]
[Board "2.1"]
[WhiteElo "1917"]
[BlackElo "1591"]
[WhiteClock "00:08:31"]
[BlackClock "00:16:36"]
[WhiteTeam "Muldental Wilkau-Haßlau"]
[BlackTeam "Hamburger SK"]
[PlyCount "111"]
[WhiteFideId "12929395"]
[BlackFideId "12971910"]
[EventCountry "GER"]
[EventRounds "7"]
[EventType "team-swiss"]
[EventDate "2016.12.26"]

1. e4 {[%clk 1:30:58]} e5 {[%clk 1:30:54]} 2. Nf3 {[%clk 1:31:22]} Nc6 {[%clk
1:31:17]} 3. Bb5 {[%clk 1:31:47]} a6 {[%clk 1:31:38]} 4. Ba4 {[%clk 1:32:11]}
Nf6 {[%clk 1:31:52]} 5. d3 {[%clk 1:32:22]} Bc5 {[%clk 1:30:16]} 6. c3 {[%clk
1:32:34]} b5 {[%clk 1:30:28]} 7. Bc2 {[%clk 1:32:41]} d6 {[%clk 1:29:36]} 8.
O-O {[%clk 1:32:34]} Bb6 {[%clk 1:28:08]} 9. a4 {[%clk 1:29:48]} Bd7 {[%clk
1:25:08]} 10. Re1 {[%clk 1:19:10]} Ne7 {[%clk 1:24:08]} 11. d4 {[%clk 1:11:19]}
Ng6 {[%clk 1:23:39]} 12. Be3 {[%clk 1:02:49]} O-O {[%clk 1:21:17]} 13. Nbd2
{[%clk 1:01:47]} Re8 {[%clk 1:18:46]} 14. dxe5 {[%clk 0:49:07]} Bxe3 {[%clk
1:15:45]} 15. Rxe3 {[%clk 0:49:21]} Ng4 {[%clk 1:05:43]} 16. Re1 {[%clk
0:48:50]} N6xe5 {[%clk 1:02:59]} 17. Nxe5 {[%clk 0:47:39]} Nxe5 {[%clk
0:58:43]} 18. f4 {[%clk 0:39:33]} Bg4 {[%clk 0:53:46]} 19. Qc1 {[%clk 0:38:51]}
Ng6 {[%clk 0:47:56]} 20. Rf1 {[%clk 0:32:04]} Qf6 {[%clk 0:39:24]} 21. Nb3
{[%clk 0:24:59]} Bd7 {[%clk 0:22:20]} 22. Qe3 {[%clk 0:17:48]} Rab8 {[%clk
0:16:59]} 23. axb5 {[%clk 0:13:08]} Bxb5 {[%clk 0:16:11]} 24. Rf3 {[%clk
0:11:16]} Nh4 {[%clk 0:12:07]} 25. Rf2 {[%clk 0:09:26]} Bc4 {[%clk 0:09:19]}
26. Nd2 {[%clk 0:07:58]} Bb5 {[%clk 0:06:53]} 27. f5 {[%clk 0:05:46]} d5 {[%clk
0:03:49]} 28. Qf4 {[%clk 0:04:39]} g5 29. fxg6 {[%clk 0:02:35]} Qxf4 {[%clk
0:02:15]} 30. gxh7+ {[%clk 0:03:00]} Kg7 {[%clk 0:01:38]} 31. Rxf4 {[%clk
0:03:00]} Ng6 {[%clk 0:02:01]} 32. Rf5 {[%clk 0:02:16]} c6 {[%clk 0:01:52]} 33.
Rh5 {[%clk 0:01:26]} Rbd8 {[%clk 0:01:55]} 34. Rc1 {[%clk 0:00:37]} Rh8 {[%clk
0:02:22]} 35. exd5 {[%clk 0:01:00]} cxd5 {[%clk 0:02:07]} 36. Nf3 {[%clk
0:00:56]} Be2 {[%clk 0:02:06]} 37. Rh3 {[%clk 0:00:40]} Bxf3 {[%clk 0:01:12]}
38. Rxf3 {[%clk 0:01:09]} Rxh7 {[%clk 0:01:32]} 39. Rcf1 {[%clk 0:01:14]} Rd7
{[%clk 0:01:13]} 40. Rf6 {[%clk 0:01:03]} a5 {[%clk 0:00:33]} 41. Ra6 {[%clk
0:25:43]} Rh4 {[%clk 0:29:34]} 42. Rxa5 {[%clk 0:21:59]} Ne7 {[%clk 0:23:41]}
43. Ba4 {[%clk 0:17:34]} Rd6 {[%clk 0:22:23]} 44. Ra7 {[%clk 0:16:34]} Re4
{[%clk 0:22:35]} 45. Be8 {[%clk 0:11:51]} Rf6 {[%clk 0:21:38]} 46. Rxf6 {[%clk
0:11:38]} Kxf6 {[%clk 0:22:00]} 47. Ra6+ {[%clk 0:11:15]} Kg7 {[%clk 0:20:19]}
48. Kf2 {[%clk 0:08:43]} Kf8 {[%clk 0:18:57]} 49. Bd7 {[%clk 0:08:02]} Kg7
{[%clk 0:19:03]} 50. Rd6 {[%clk 0:07:46]} Re5 {[%clk 0:16:29]} 51. b4 {[%clk
0:07:25]} Nf5 {[%clk 0:16:03]} 52. Bxf5 {[%clk 0:07:36]} Rxf5+ {[%clk 0:16:27]}
53. Ke3 {[%clk 0:07:56]} Rg5 {[%clk 0:16:28]} 54. g3 {[%clk 0:08:10]} Rh5
{[%clk 0:16:48]} 55. h4 {[%clk 0:08:16]} Kf8 {[%clk 0:16:36]} 56. Kd4 {[%clk
0:08:31]} 1-0